00999nam a2200217Ia 4500008004100000020001800041050002100059100002400080245016500104260003100269300002400300500013300324650003400457650003500491650004200526700005200568700003400620942001200654952009800666999001700764120626s9999 xx 000 0 und d a84-7978-304-404aTS155 S4418 19971 aSHEWHART, Walter A.10aControl económico de la calidad de productos manufacturados cWalter A. Shewhart, traducción Jesús Nicolau Medina, Ma. de las Mercedes Gonzalbes Ballester aMéxicobDíaz de Santos axxvi, 471 páginas aContiene:\Apendices, Índice de contenido e Índice de materias.\Traducción de: Economic control of quality of manufactured.17aADMINISTRACIÓN DE FABRICAS.17aCONTROL DE CALIDAD - MÉTODOS17aESTADÍSTICA - MÉTODOS GRÁFICOS.1 aGONZALBES BALLESTER, Ma. de las Mercedes, trad.1 aNICOLAU MEDINA, Jesús, trad 2ddccLB 00104070a07b07d2010-07-30l0oTS155 S4418 1997p07 000293r2015-10-27t1w2012-06-26yLB c66084d66084